Canadian University Logo Quiz - Statistics

General Stats
  • This quiz has been taken 10 times
  • The average score is 7 of 16
Answer Stats
Picture Hint Answer % Correct
OUA Western
100%
Canada West British Columbia
78%
Canada West Calgary
78%
Canada West Alberta
56%
OUA Carleton
56%
Canada West Victoria
56%
OUA Ontario Tech
44%
Canada West Saskatchewan
44%
OUA Windsor
44%
RSEQ Bishops
33%
RSEQ Sherbrooke
33%
AUS Saint Mary's
22%
AUS Acadia
11%
AUS Cape Breton
11%
Canada West Mount Royal
11%
RSEQ UQAM
11%
No matching quizzes found
Score Distribution
Percent of People with Each Score
Percentile by Number Answered
Your Score History
You have not taken this quiz